00439cam a22001454a 4500020002500000020002600025041000800051082001500059100001600074245006500090260004000155300001800195505007100213650000900284 a9780819227768 (pbk.) a9780819227775 (ebook) aENG00a248.4bSHA1 aShaw, Jane,12aA practical Christianity : Working on Transforming our lives aNew York :bMorehouse Pub.,cc2012. axxi, 103 p. ;0 aBeing dust -- Letting go -- Being uncertain -- Seeing God -- Love. 0aLent